Улучшение работы установки обессоливания; Нефтегазовые технологии; № 1

التفاصيل البيبلوغرافية
Parent link:Нефтегазовые технологии: научно-технический журнал/ World Oil ; Pipe Line Industry ; Gulf Publishing Company.— , 1994-.— 0202-4578
№ 1.— 2002.— С. 101-102
مؤلفون آخرون: Линдемут П. М., Лессард Р. Б., Лозинский М., Кремер М.
اللغة:الروسية
منشور في: 2002
سلاسل:Переработка углеводородов
الموضوعات:
التنسيق: فصل الكتاب
KOHA link:https://koha.lib.tpu.ru/cgi-bin/koha/opac-detail.pl?biblionumber=381341

MARC

LEADER 00000naa2a2200000 4500
001 381341
005 20231101062822.0
035 |a (RuTPU)RU\TPU\prd\3739 
090 |a 381341 
100 |a 20020508a2002 k y0rusy50 ca 
101 0 |a rus 
102 |a RU 
200 1 |a Улучшение работы установки обессоливания  |f П. М. Линдемут, Р. Б. Лессард, М. Лозинский, М. Кремер 
225 1 |a Переработка углеводородов 
461 1 |0 (RuTPU)RU\TPU\prd\1175  |x 0202-4578  |t Нефтегазовые технологии  |o научно-технический журнал  |f World Oil ; Pipe Line Industry ; Gulf Publishing Company  |d 1994- 
463 1 |0 (RuTPU)RU\TPU\prd\2061  |t № 1  |v С. 101-102  |d 2002 
610 1 |a обессоливание 
610 1 |a установки 
610 1 |a переработка 
610 1 |a асфальтосодержащие нефти 
701 1 |a Линдемут  |b П. М. 
701 1 |a Лессард  |b Р. Б. 
701 1 |a Лозинский  |b М. 
701 1 |a Кремер  |b М. 
801 1 |a RU  |b 63413507  |c 20020508  |g PSBO 
801 2 |a RU  |b 63413507  |c 20120112  |g PSBO 
942 |c BK